000 01364nam a2200397 i 4500
001 54837
003 KOSZ 005
005 20201002143505.0
008 071217s2007 pl a f f |000 0 pol
015 _aPB 333/2008
020 _a9788387344283
040 _cWA N
_aWA N
_dKOSZ 005/HR
041 0 _apol
046 _k2007
080 _a005.51
080 _a(075.3-021.66)
245 0 0 _aSystemy logistyczne :
_bpodręcznik do kształcenia w zawodzie technik logistyk /
_cMarek Matulewski [et al.].
260 _aPoznań :
_bInstytut Logistyki i Magazynowania :
_bwspółpr. Wyższa Szkoła Logistyki,
_c2007.
300 _a360 s. :
_bil. ;
_c24 cm.
336 _2rdacontent
_aTekst
_btxt
337 _2rdamedia
_aBez urządzenia pośredniczącego
_bn
338 _2rdacarrier
_aWolumin
_bnc
380 _aKsiążki
380 _aPublikacje dydaktyczne
385 _mPoziom nauczania
_aSzkoły zawodowe
388 _a2001-
490 1 _aBiblioteka Logistyka
504 _aBibliogr. przy rozdz.
658 _aTransport i logistyka
655 4 _aPodręczniki dla szkół zawodowych
650 4 _aLogistyka gospodarcza
700 1 _aMatulewski, Marek
_eAutor
856 _uhttp://koha.tu.koszalin.pl/cgi-bin/koha/opac-detail.pl?biblionumber=54837
_yKatalog online BPK
830 0 _aBiblioteka Logistyka
942 _cKS
_2UKD
999 _c54837
_d54837